Kryptoměny a legalizace výnosů z trestné činnosti

Kryptomeny sa čoraz viac začínajú využívať ako nástroj k legalizácii výnosov z trestnej činnosti. Snaha ČR o legislatívnu úpravu v rámci služieb s virtuálnou menou. Najčastejšie typy trestnej činnosti v oblasti kryptomeny.

Gespeichert in:
Bibliographische Detailangaben
1. Verfasser: Plecitý, David
Format: Buchkapitel
Sprache:Tschechisch
Schlagworte:
Tags: Tag hinzufügen
Keine Tags, Fügen Sie das erste Tag hinzu!

MARC

LEADER 00000naa a2200000 4500
001 0259907
005 20191126100413.6
041 0 |a cze 
044 |a CZ 
245 1 0 |a Kryptoměny a legalizace výnosů z trestné činnosti  |c David Plecitý 
520 |a Kryptomeny sa čoraz viac začínajú využívať ako nástroj k legalizácii výnosov z trestnej činnosti. Snaha ČR o legislatívnu úpravu v rámci služieb s virtuálnou menou. Najčastejšie typy trestnej činnosti v oblasti kryptomeny. 
610 2 0 |a mena virtuálna 
610 2 0 |a činnosť trestná 
610 2 0 |a legalizácia 
610 2 0 |a kriminalita počítačová 
100 1 |a Plecitý, David